Statistics for Pokémon de Kalos (6G) + Formes

Click here to take the quiz!

General Stats

  • This quiz has been taken 23 times
  • The average score is 31 of 107

Answer Stats

No.Pokémon% Correct
#650Marisson
83%
#658Amphinobi
78%
#652Blindépique
78%
#653Feunnec
78%
#655Goupelin
78%
#656Grenousse
78%
#654Roussil
78%
#657Croâporal
72%
#716Xerneas
72%
#717Yveltal
72%
#651Boguérisse
67%
#662Braisillon
61%
#663Flambusard
61%
#661Passerouge
61%
#701Brutalibré
56%
#700Nymphali
56%
#721Volcanion
56%
#719Diancie
50%
#660Excavarenne
50%
#697Rexillius
50%
#659Sapereau
50%
#699Dragmara
44%
#679Monorpale
44%
#696Ptyranidur
44%
#714Sonistrelle
44%
#684Sucroquin
44%
#698Amagara
39%
#715Bruyverne
39%
#673Chevroum
39%
#685Cupcanaille
39%
#702Dedenne
39%
#669Flabébé
39%
#670Floette
39%
#671Florges
39%
#712Grelaçon
39%
#691Kravarech
39%
#704Mucuscule
39%
#706Muplodocus
39%
#665Pérégrain
39%
#690Venalgue
39%
#672Cabriolaine
33%
#683Cocotine
33%
#705Colimucus
33%
#680Dimoclès
33%
#694Galvaran
33%
#664Lépidonille
33%
#719 (Méga)Méga Diancie
33%
#688Opermine
33%
#713Séracrawl
33%
#707Trousselin
33%
#708Brocélôme
28%
#709Desséliande
28%
#692Flingouste
28%
#682Fluvetin
28%
#693Gamblast
28%
#689Golgopathe
28%
#667Hélionceau
28%
#695Iguolta
28%
#720.2Hoopa déchaîné
22%
#668.2Némélios Femelle
22%
#668.1Némélios Mâle
22%
#675Pandarbare
22%
#674Pandespiègle
22%
#677Psystigri
22%
#703Strassie
22%
#681.2Exagide forme assaut
17%
#678.2Mistigrix femelle
17%
#678.1Mistigrix mâle
17%
#686Sepiatop
17%
#687Sepiatroce
17%
#718.2Zygarde forme 10%
17%
#718.1Zygarde forme 50%
17%
#718.3Zygarde forme parfaite
17%
#681.1Exagide forme parade
11%
#720.1Hoopa enchaîné
11%
#666.14Prismillon motif poké ball
11%
#711.3Banshitrouye taille maxi
6%
#711.2Banshitrouye taille mini
6%
#711.1Banshitrouye taille normale
6%
#710.3Pitrouille taille maxi
6%
#710.2Pitrouille taille mini
6%
#710.1Pitrouille taille normale
6%
#666.4Prismillon motif continent
6%
#666.7Prismillon motif fantaisie
6%
#666.9Prismillon motif glace
6%
#666.16Prismillon motif sable
6%
#711.4Banshitrouye taille ultra
0%
#676.2Couafarel coupe cœur
0%
#676.4Couafarel coupe diamant
0%
#676.3Couafarel coupe étoile
0%
#676.1Couafarel forme sauvage
0%
#710.4Pitrouille taille ultra
0%
#666.1Prismillon motif archipel
0%
#666.2Prismillon motif banquise
0%
#666.3Prismillon motif blizzard
0%
#666.5Prismillon motif cyclone
0%
#666.6Prismillon motif delta
0%
#666.8Prismillon motif floraison
0%
#666.10Prismillon motif jungle
0%
#666.11Prismillon motif mangrove
0%
#666.12Prismillon motif métropole
0%
#666.13Prismillon motif monarchie
0%
#666.15Prismillon motif rivage
0%
#666.17Prismillon motif sécheresse
0%
#666.18Prismillon motif soleil levant
0%
#666.19Prismillon motif verdure
0%
#666.20Prismillon motif zénith
0%

Score Distribution

Percentile by Number Answered

Percent of People with Each Score

Your Score History

You have not taken this quiz